| 000 | 00834nam a22002297a 4500 | ||
|---|---|---|---|
| 005 | 20250428125251.0 | ||
| 008 | 250428b |||||||| |||| 00| 0 eng d | ||
| 020 | _a978-1-3503-0030-9 (hbk) | ||
| 037 | _cTB | ||
| 040 |
_aCRL _cCRL |
||
| 041 |
_2eng _aeng |
||
| 084 |
_aP111 R4 _qCRL |
||
| 245 |
_aLinguistic approaches in english for academic purposes: _b Expanding the discourse |
||
| 260 |
_aLondon, UK: _bBloomsbury Academic, _c2024. |
||
| 300 | _axi, 222p. | ||
| 365 |
_b90.00 _cUKP |
||
| 490 | _aNew perspectives for english for academic purposes, (Edited) Alex Ding | ||
| 650 | _2Linguistics | ||
| 700 |
_aWalkova, Milada _eEditor _9753116 |
||
| 942 |
_2CC _cTB _hP111 R4 _n0 |
||
| 999 |
_c1309435 _d1309435 |
||